| 000 | 00605nam a22001695i 4500 | ||
|---|---|---|---|
| 001 | 171433 | ||
| 003 | ES-MaACL | ||
| 005 | 20230906214631.0 | ||
| 008 | 090514s1918 fr |||| | fre d | ||
| 100 | 1 |
_aSohr, Frédéric. _9140142 |
|
| 245 | 1 | 3 |
_aLe culte de la violence _b: notes à propos du manuel allemand "L'Interprète militaire" du capitaine von Scharfenort / _cpar Frédéric Sohr. |
| 260 |
_aLe Havre : _b[s.n.], _c1918 ( _fImpr. du "Havre-Éclair) |
||
| 300 |
_a15 p. ; _c23 cm. |
||
| 650 | 0 | 4 |
_aGuerra mundial, 1914-1918. _913212 |
| 650 | 0 | 4 |
_aViolencia. _917812 |
| 852 |
_aES-MaACL _j1565-F-17 |
||
| 999 |
_c171433 _d171433 |
||